Sports Quiz

Random Sports or Blitz Quiz

F1 Circuits Blitz Quiz Stats

Quiz not verified by Sporcle

Challenge
Share
Tweet
Embed
Score 0/30 Timer 01:00
1 Play Today
% Correct
Hockenheimring (Hockenheim, Germany)
88%
Marina Bay Street Circuit (Marina Bay, Singapore)
87.8%
Silverstone Circuit (Silverstone, UK)
87.3%
Yas Marina Circuit (Abu Dhabi, UAE)
86.3%
Suzuka Circuit (Suzuka City, Japan)
86.1%
Red Bull Ring (Spielberg, Austria)
85.2%
Hungaroring (Mogyoród, Hungary)
85%
Sepang International Circuit (Sepang, Malaysia)
84.8%
Autodromo Nazionale Monza (Monza, Italy)
84.3%
Circuit Gilles Villeneuve (Montreal, Canada)
83.9%
Autódromo Hermanos Rodríguez (Mexico City, Mexico)
82.6%
Autódromo José Carlos Pace (São Paulo, Brazil)
82%
Valencia Street Circuit (Valencia, Spain)
80.3%
Istanbul Park (Istanbul, Turkey)
78.8%
Autodromo Enzo e Dino Ferrari (Imola, Italy)
78.8%
% Correct
Fuji Speedway (Oyama, Japan)
74%
Indianapolis Motor Speedway (Speedway, USA)
74%
Donington Park (Castle Donington, UK)
69.3%
Kyalami Racing Circuit (Midrand, South Africa)
65%
Watkins Glen International (Watkins Glen, USA)
61.2%
Autódromo Oscar Alfredo Gálvez (Buenos Aires, Argentina
51.5%
Aintree Motor Racing Circuit (Aintree, UK)
46.8%
Bugatti Circuit (Le Mans, France)
45.1%
Pescara Circuit (Pescara, Italy)
41.4%
Sebring International Raceway (Sebring, USA)
41.2%
Fair Park Street Circuit (Dallas, USA)
39.7%
Charade Circuit (Clermont-Ferrand, France)
39.5%
Prince George Circuit (East London, South Africa)
36.3%
Circuit Bremgarten (Bern, Switzerland)
33.7%
Riverside International Raceway (Riverside, USA)
30.9%

You're not logged in!

Compare scores with friends on all Sporcle quizzes.
Sign Up with Email
OR
Log In

You Might Also Like...

Show Comments

Extras

Top Quizzes Today


Score Distribution

Your Account Isn't Verified!

In order to create a playlist on Sporcle, you need to verify the email address you used during registration. Go to your Sporcle Settings to finish the process.

Report this User

Report this user for behavior that violates our Community Guidelines.

Details: